000 00682nam a22002417a 4500
003 UA-OsUOA
001 83297
007 ta
008 20120409b un ||||| |||| 00| 0 ukr d
100 _aЕфетов К. А.
090 _a82-84
_bЕ90
942 _cBK
040 _aUA-OsUOA
_brus
_cUA-OsUOA
_dUA-OsUOA
245 _aАфоризмы и пословицы крымских караимов в стихах
300 _a172 с.
955 _a2
041 _arus
080 _a82-84
020 _a978-966-366-465-1
260 _aСимферополь
_bДоля
_c2010
650 7 _a82 Література. Літературознавство
_2UDC
999 _c369612
_d369612